[Event "Forcing Moves Winter-1 U2000"]
[Site "Mississauga CAN"]
[Date "2023.01.29"]
[Round "4.6"]
[White "Xie, Irene"]
[Black "Wang, Bingfei"]
[Result "1/2-1/2"]
[WhiteElo "1718"]
[BlackElo "1886"]
[PlyCount "135"]
[EventDate "2023.01.28"]
[EventType "swiss"]
[EventRounds "5"]
[EventCountry "CAN"]

1. e4 e6 2. d4 d5 3. exd5 exd5 4. Bd3 Bd6 5. Nf3 Nf6 6. O-O O-O 7. Bg5 h6 8.
Bh4 c6 9. c3 Bg4 10. Nbd2 Nbd7 11. Qc2 Qc7 12. Bg3 Rfe8 13. Bxd6 Qxd6 14. Rfe1
b6 15. Bf5 Qf4 16. Bxg4 Nxg4 17. h3 Ngf6 18. g3 Qc7 19. Rac1 c5 20. Kg2 c4 21.
Nh4 b5 22. a4 a6 23. axb5 axb5 24. Ra1 Nb6 25. Rxe8+ Rxe8 26. Nf5 Ra8 27. Rxa8+
Nxa8 28. Ne3 Nb6 29. b3 cxb3 30. Qxb3 Qc6 31. Kf1 Na4 32. Nb1 g6 33. Ke2 Kf8
34. Kd3 Ne4 35. Qxd5 Nxf2+ 36. Ke2 Qxd5 37. Nxd5 Ne4 38. g4 Nb2 39. Na3 Nxc3+
40. Nxc3 b4 41. Nab1 bxc3 42. Nxc3 Ke7 43. Ke3 Ke6 44. Ke4 Nc4 45. d5+ Ke7 46.
Kd4 Nd2 47. Ne4 Nf3+ 48. Kc5 Ne5 49. d6+ Ke6 50. g5 hxg5 51. Nxg5+ Kf5 52. Kd5
f6 53. Nh7 Nd7 54. h4 Ne5 55. Nf8 Nf7 56. d7 g5 57. h5 g4 58. h6 g3 59. h7 g2
60. h8=Q Nxh8 61. d8=Q g1=Q 62. Qd7+ Kf4 63. Qd6+ Kg5 64. Ne6+ Kg6 65. Nf4+ Kf5
66. Qe6+ Kxf4 67. Qxf6+ Kg3 68. Qg7+ 1/2-1/2

[Event "Forcing Moves Winter-1 U2000"]
[Site "Mississauga CAN"]
[Date "2023.01.29"]
[Round "4.7"]
[White "Lakhani, Riyaan"]
[Black "Suresh, Pavan"]
[Result "1-0"]
[WhiteElo "1841"]
[BlackElo "1442"]
[PlyCount "63"]
[EventDate "2023.01.28"]
[EventType "swiss"]
[EventRounds "5"]
[EventCountry "CAN"]

1. d4 d5 2. c4 c6 3. Nf3 Nf6 4. g3 e6 5. Bg2 Bd6 6. Qc2 O-O 7. O-O Nbd7 8. c5
Bc7 9. Bf4 Bxf4 10. gxf4 Ne4 11. Nbd2 f5 12. e3 Rf6 13. b4 Rg6 14. Nb3 Qe8 15.
a4 Rxg2+ 16. Kxg2 Qg6+ 17. Kh1 Qh5 18. Ne1 Ndf6 19. Rg1 Ng4 20. Rg2 Qh3 21. Qe2
Nc3 22. Qf3 Qxf3 23. Nxf3 Ne4 24. Kg1 b6 25. h3 Ngxf2 26. Rxf2 Nxf2 27. Kxf2
Ba6 28. Ne5 bxc5 29. dxc5 Rc8 30. Nd4 Bb7 31. b5 cxb5 32. c6 1-0

[Event "Forcing Moves Winter-1 U2000"]
[Site "Mississauga CAN"]
[Date "2023.01.29"]
[Round "4.8"]
[White "Nguyen, Thuan"]
[Black "Gao, Heye"]
[Result "0-1"]
[WhiteElo "1515"]
[BlackElo "1662"]
[PlyCount "70"]
[EventDate "2023.01.28"]
[EventType "swiss"]
[EventRounds "5"]
[EventCountry "CAN"]

1. d4 d5 2. c4 e6 3. Nc3 Nf6 4. Bg5 Be7 5. Nf3 h6 6. Bh4 O-O 7. e3 c6 8. Qc2
Nbd7 9. Bd3 c5 10. O-O a6 11. Rac1 dxc4 12. Bxc4 b5 13. Be2 Bb7 14. Rfd1 Nd5
15. Bxe7 Qxe7 16. Nxd5 Bxd5 17. dxc5 Rac8 18. b4 Nf6 19. a4 Qb7 20. a5 Be4 21.
Qb2 Nd5 22. Ne1 Qe7 23. Bf3 f5 24. Bxe4 fxe4 25. Rd4 Qf6 26. Qc2 Nxe3 27. Qd2
Nc4 28. Rcxc4 bxc4 29. Rxe4 Rcd8 30. Qe2 c3 31. Nf3 Qf5 32. h3 Kh8 33. Nd4 Rxd4
34. Rxd4 Qb1+ 35. Kh2 c2 0-1

[Event "Forcing Moves Winter-1 U2000"]
[Site "Mississauga CAN"]
[Date "2023.01.29"]
[Round "4.9"]
[White "Shah, Omar"]
[Black "Li, Ethan"]
[Result "0-1"]
[WhiteElo "1823"]
[BlackElo "1493"]
[PlyCount "114"]
[EventDate "2023.01.28"]
[EventType "swiss"]
[EventRounds "5"]
[EventCountry "CAN"]

1. Nf3 Nf6 2. b3 d5 3. Bb2 Nc6 4. e3 Bf5 5. Be2 e6 6. a3 Bd6 7. c4 Ne7 8. d3 c5
9. O-O O-O 10. Nbd2 Qc7 11. Rc1 Rac8 12. Rc2 Ng4 13. h3 Ne5 14. Ne1 Qb6 15. Qa1
f6 16. f4 N5c6 17. Nef3 Bg6 18. Nh4 Nf5 19. Nxf5 Bxf5 20. cxd5 exd5 21. e4 c4+
22. Kh1 cxb3 23. Rc3 Qe3 24. Bf3 Qxd2 25. e5 fxe5 26. Bxd5+ Kh8 27. Rxb3 Nd4
28. Rxb7 Nc2 29. Bxe5 Bxe5 30. Qxe5 Qc3 31. Qxc3 Rxc3 32. Be4 Bxe4 33. dxe4
Rxa3 34. Rc1 Ra1 35. Rxa1 Nxa1 36. Rxa7 Nb3 37. Kh2 h6 38. Kg3 Nd2 39. Re7 Kh7
40. f5 Nc4 41. Kf4 Nd6 42. g4 Re8 43. Re5 Kg8 44. h4 Kf7 45. g5 Rxe5 46. Kxe5
hxg5 47. hxg5 Nc4+ 48. Kd4 Nd2 49. Kd5 Nf3 50. Kd6 Nxg5 51. e5 Ne4+ 52. Kd7
Nc5+ 53. Kd6 Ne4+ 54. Kd5 Ng3 55. e6+ Kf8 56. e7+ Kxe7 57. Ke5 Nh5 0-1

[Event "Forcing Moves Winter-1 U2000"]
[Site "Mississauga CAN"]
[Date "2023.01.29"]
[Round "4.10"]
[White "Deshpande, Sarthak"]
[Black "Sreekumar Maliekal, Balakrishnan"]
[Result "1-0"]
[WhiteElo "1916"]
[BlackElo "1415"]
[PlyCount "93"]
[EventDate "2023.01.28"]
[EventType "swiss"]
[EventRounds "5"]
[EventCountry "CAN"]

1. d4 Nf6 2. c4 g6 3. Nc3 Bg7 4. e4 d6 5. Be2 O-O 6. Be3 Nc6 7. g4 e5 8. d5 Ne7
9. h4 Qd7 10. Bg5 h6 11. Bxf6 Bxf6 12. Qd2 Bg7 13. Nh3 f5 14. gxf5 gxf5 15.
O-O-O fxe4 16. Rdg1 Qe8 17. Bg4 Nf5 18. Bxf5 Bxf5 19. Qxh6 Qe7 20. Rxg7+ Qxg7
21. Rg1 Bg4 22. Qxg7+ Kxg7 23. Rxg4+ Kf6 24. Nxe4+ Kf5 25. f3 Rg8 26. Nhg5 Rg7
27. Ng3+ Kf6 28. Nh5+ Kg6 29. Nxg7 Kxg7 30. Ne6+ Kh6 31. Nxc7 Rf8 32. Nb5 Rxf3
33. Nxd6 Rf1+ 34. Kc2 Rf2+ 35. Kb3 Rf3+ 36. Kb4 Rf2 37. Ka3 Rf6 38. c5 Rf3+ 39.
b3 Rd3 40. Nf5+ Kh7 41. d6 Rd5 42. Rg7+ Kh8 43. d7 e4 44. Rg8+ Kxg8 45. Ne7+
Kf7 46. Nxd5 e3 47. d8=Q 1-0

[Event "Forcing Moves Winter-1 U2000"]
[Site "Mississauga CAN"]
[Date "2023.01.29"]
[Round "4.11"]
[White "Pham, Anthony"]
[Black "Chen, Sam"]
[Result "1-0"]
[WhiteElo "1467"]
[BlackElo "1408"]
[PlyCount "75"]
[EventDate "2023.01.28"]
[EventType "swiss"]
[EventRounds "5"]
[EventCountry "CAN"]

1. e4 e5 2. Nf3 Nc6 3. Bb5 a6 4. Ba4 Nf6 5. O-O b5 6. Bb3 Bb7 7. c3 d6 8. Ng5
d5 9. exd5 Na5 10. d6 Nxb3 11. Qxb3 Nd5 12. d4 Bxd6 13. dxe5 Bxe5 14. f4 Bd6
15. Re1+ Be7 16. c4 Nf6 17. cxb5 O-O 18. Nc3 Bc5+ 19. Kh1 Qd7 20. Qc2 axb5 21.
Be3 Bxe3 22. Rxe3 Rfe8 23. Re5 h6 24. Nge4 Nxe4 25. Nxe4 Rxe5 26. fxe5 Re8 27.
Nc5 Qc6 28. Qf2 Rxe5 29. Nxb7 Qxb7 30. a4 bxa4 31. h3 Qb5 32. Rf1 Qc4 33. Rd1
Re2 34. Rd8+ Kh7 35. Qf5+ g6 36. Qf6 Qc1+ 37. Kh2 Qxb2 38. Rh8# 1-0

[Event "Forcing Moves Winter-1 U2000"]
[Site "Mississauga CAN"]
[Date "2023.01.29"]
[Round "4.12"]
[White "Sreekumar, Gauri"]
[Black "Deepak, Laksshana"]
[Result "1/2-1/2"]
[WhiteElo "1606"]
[BlackElo "1697"]
[PlyCount "73"]
[EventDate "2023.01.28"]
[EventType "swiss"]
[EventRounds "5"]
[EventCountry "CAN"]

1. d4 Nf6 2. c4 g6 3. Nc3 d5 4. cxd5 Nxd5 5. e4 Nxc3 6. bxc3 Bg7 7. Nf3 c5 8.
Be3 Qa5 9. Qb3 Nc6 10. Bc4 e6 11. O-O a6 12. a4 Qc7 13. Qa3 Na5 14. Be2 c4 15.
Rab1 Bf8 16. Qb2 Bd7 17. d5 Bc5 18. Bxc5 Qxc5 19. Qb4 Rc8 20. Ne5 f5 21. Rfd1
Rf8 22. Nxd7 Kxd7 23. dxe6+ Kxe6 24. exf5+ gxf5 25. Rd4 Rf7 26. Rbd1 Re7 27.
Rd6+ Kf7 28. Bh5+ Kg8 29. g4 Qxb4 30. cxb4 Nb3 31. gxf5 Rg7+ 32. Kf1 Rg5 33.
Be2 c3 34. Rd8+ Rxd8 35. Rxd8+ Kg7 36. Bd1 Nd2+ 37. Ke2 1/2-1/2

[Event "Forcing Moves Winter-1 U2000"]
[Site "Mississauga CAN"]
[Date "2023.01.29"]
[Round "5.5"]
[White "Botello, Daniel"]
[Black "Zhang, Daniel"]
[Result "1/2-1/2"]
[WhiteElo "1729"]
[BlackElo "1671"]
[PlyCount "35"]
[EventDate "2023.01.28"]
[EventType "swiss"]
[EventRounds "5"]
[EventCountry "CAN"]

1. d4 d5 2. Nc3 Nf6 3. Bg5 Bf5 4. f3 Nbd7 5. h4 h5 6. e4 dxe4 7. Qd2 g6 8.
O-O-O Bg7 9. fxe4 Bg4 10. Re1 c6 11. Nh3 O-O 12. Nf2 Be6 13. e5 Ng4 14. Nd3 Bf5
15. Be2 Re8 16. Bxg4 Bxg4 17. Nf2 Bf5 18. g4 1/2-1/2

[Event "Forcing Moves Winter-1 U2000"]
[Site "Mississauga CAN"]
[Date "2023.01.29"]
[Round "5.6"]
[White "Gao, Heye"]
[Black "Xie, Irene"]
[Result "1-0"]
[WhiteElo "1662"]
[BlackElo "1718"]
[PlyCount "141"]
[EventDate "2023.01.28"]
[EventType "swiss"]
[EventRounds "5"]
[EventCountry "CAN"]

1. e4 d6 2. d4 g6 3. Nf3 Bg7 4. Nc3 Bg4 5. Be3 e6 6. Be2 Nf6 7. h3 Bxf3 8. Bxf3
d5 9. O-O dxe4 10. Nxe4 Nxe4 11. Bxe4 c6 12. c3 Nd7 13. Re1 O-O 14. Qc2 Qc7 15.
Rad1 Rfd8 16. c4 Rac8 17. Rd2 Nb6 18. Red1 Rd7 19. b4 Rcd8 20. Qb3 Bf6 21. a4
Nc8 22. d5 exd5 23. cxd5 cxd5 24. Rxd5 Rxd5 25. Rxd5 Rxd5 26. Bxd5 b6 27. g3
Be5 28. Bh6 Bg7 29. Bf4 Qd7 30. Qc4 Nd6 31. Bxd6 Qxd6 32. Bxf7+ Kf8 33. Bd5 Bf6
34. a5 bxa5 35. bxa5 Bd8 36. a6 Bb6 37. Kg2 Kg7 38. Qc3+ Qf6 39. Qc2 Qe7 40.
Bb7 Qc5 41. Qe2 Qd6 42. h4 Qf6 43. f4 Qd6 44. Kh2 h6 45. h5 gxh5 46. Qxh5 Qd2+
47. Kh3 Qd7+ 48. Kh2 Qf7 49. Qg4+ Qg6 50. Qd7+ Qf7 51. Qb5 Qa2+ 52. Kh3 Qe6+
53. f5 Qf7 54. Kg4 Qe7 55. Kh3 Qf6 56. Bc8 Qe7 57. Be6 Bd8 58. Qb2+ Qf6 59.
Qb7+ Qe7 60. Qd5 Qc7 61. Qd4+ Bf6 62. Qg4+ Bg5 63. Qh5 Kf8 64. Qf3 Kg7 65. Qb7
Qe7 66. Bd7 Be3 67. Be6 Bg5 68. Qb8 Kf6 69. Qh8+ Qg7 70. Qd8+ Qe7 71. Qd4# 1-0

[Event "Forcing Moves Winter-1 U2000"]
[Site "Mississauga CAN"]
[Date "2023.01.29"]
[Round "5.7"]
[White "Wang, Bingfei"]
[Black "Pham, Anthony"]
[Result "1/2-1/2"]
[WhiteElo "1886"]
[BlackElo "1467"]
[PlyCount "161"]
[EventDate "2023.01.28"]
[EventType "swiss"]
[EventRounds "5"]
[EventCountry "CAN"]

1. d4 Nf6 2. c4 g6 3. Nc3 Bg7 4. e4 d6 5. f4 O-O 6. Nf3 c5 7. d5 e6 8. Bd3 exd5
9. cxd5 Bg4 10. O-O Nbd7 11. Re1 Re8 12. h3 Bxf3 13. Qxf3 a6 14. a4 Rc8 15. Be3
c4 16. Bc2 Nc5 17. Bd4 Re7 18. Qf2 Qe8 19. Qf3 Nfd7 20. Bxg7 Kxg7 21. Re2 f6
22. Kf1 b6 23. Ree1 Rb8 24. Na2 Nd3 25. Bxd3 cxd3 26. Qxd3 Nc5 27. Qc2 Nxe4 28.
Rac1 a5 29. Nc3 Rc8 30. Qd3 Nxc3 31. Rxe7+ Qxe7 32. Rxc3 Re8 33. Qd2 Qe4 34. g3
Qf5 35. Kf2 Re5 36. g4 Rxd5 37. Qe3 Qd7 38. Qxb6 Qe6 39. Rc7+ Kh6 40. Qe3 Qxe3+
41. Kxe3 Rd1 42. Rc3 d5 43. Rd3 Re1+ 44. Kd4 Re4+ 45. Kc5 Rb4 46. Kxd5 Rxf4 47.
Ke6 f5 48. gxf5 Rxf5 49. Kd6 Rf4 50. Kd5 g5 51. Rd4 Rf3 52. Kc4 Rxh3 53. Rd5 g4
54. Rxa5 g3 55. Ra6+ Kh5 56. Ra7 h6 57. Ra5+ Kh4 58. Ra6 h5 59. Rg6 Rh1 60. a5
Kh3 61. a6 Ra1 62. b4 g2 63. b5 Ra4+ 64. Kb3 Ra1 65. Kc4 h4 66. Kc5 Kh2 67. b6
Ra5+ 68. Kc4 Rxa6 69. b7 Rxg6 70. b8=Q+ Rg3 71. Qb2 h3 72. Qf2 Ra3 73. Kb4 Ra1
74. Qf4+ Kh1 75. Qf3 h2 76. Kb3 Re1 77. Qd5 Rf1 78. Qe4 Rf8 79. Qd5 Rf4 80. Qc6
Rd4 81. Qc1+ 1/2-1/2

[Event "Forcing Moves Winter-1 U2000"]
[Site "Mississauga CAN"]
[Date "2023.01.29"]
[Round "5.8"]
[White "Suresh, Pavan"]
[Black "Singh Dhaliwal, Jaipreet"]
[Result "1/2-1/2"]
[WhiteElo "1442"]
[BlackElo "1495"]
[PlyCount "99"]
[EventDate "2023.01.28"]
[EventType "swiss"]
[EventRounds "5"]
[EventCountry "CAN"]

1. d4 Nf6 2. c4 g6 3. Nc3 Bg7 4. e4 d6 5. Be2 O-O 6. Nf3 e5 7. d5 a5 8. O-O Nh5
9. Ne1 Nf4 10. Nd3 Nxe2+ 11. Qxe2 f5 12. f3 b6 13. Be3 f4 14. Bf2 g5 15. a3 Nd7
16. b4 Nf6 17. h3 Rf7 18. c5 bxc5 19. bxc5 Qe8 20. cxd6 cxd6 21. Rab1 Bf8 22.
Rfc1 Ba6 23. Qd2 Rg7 24. a4 h5 25. Nb5 Bxb5 26. Rxb5 g4 27. Kh1 Qg6 28. Rg1
Nxe4 29. fxe4 Qxe4 30. Re1 Qxa4 31. Qb2 Qc4 32. Qb3 Qc8 33. h4 g3 34. Bb6 Qg4
35. Nxe5 Qxh4+ 36. Kg1 Re8 37. Nf3 Rxe1+ 38. Nxe1 Qh2+ 39. Kf1 Qh1+ 40. Bg1 h4
41. Qf3 h3 42. gxh3 Qxh3+ 43. Ng2 Rc7 44. Rb1 Rc2 45. Re1 a4 46. Re2 Rc1+ 47.
Re1 Rc2 48. Re2 Rc1+ 49. Re1 Rc2 50. Re2 1/2-1/2

[Event "Forcing Moves Winter-1 U2000"]
[Site "Mississauga CAN"]
[Date "2023.01.29"]
[Round "5.9"]
[White "Li, Ethan"]
[Black "Deshpande, Sarthak"]
[Result "0-1"]
[WhiteElo "1493"]
[BlackElo "1916"]
[PlyCount "120"]
[EventDate "2023.01.28"]
[EventType "swiss"]
[EventRounds "5"]
[EventCountry "CAN"]

1. e4 c6 2. d4 d5 3. exd5 cxd5 4. c4 Nf6 5. Nc3 Nc6 6. Nf3 Bg4 7. Be3 e6 8. h3
Bh5 9. Be2 Qb6 10. Rb1 Be7 11. O-O O-O 12. Ne5 Bxe2 13. Nxe2 Qa6 14. Bg5 Ne4
15. Bxe7 Nxe7 16. cxd5 Nxd5 17. Qc2 Nef6 18. Nc3 Rac8 19. Qb3 Qb6 20. Nxd5 Nxd5
21. Qa4 Rfd8 22. Rfd1 f6 23. Nf3 a6 24. Qa3 Qd6 25. Qb3 Qb4 26. Qd3 Qd6 27. a3
Ne7 28. Re1 Nf5 29. Qb3 Qd5 30. Qxd5 exd5 31. g4 Nd6 32. Rbc1 Rxc1 33. Rxc1 Rc8
34. Rxc8+ Nxc8 35. Kf1 Nd6 36. Nd2 Kf7 37. Ke2 Ke6 38. Nb3 b6 39. Nd2 Nc4 40.
Nxc4 dxc4 41. Kd2 Kd5 42. Kc3 b5 43. f3 g5 44. Kb4 Kxd4 45. Ka5 Kc5 46. Kxa6
Kc6 47. Ka5 Kc5 48. Ka6 b4 49. axb4+ Kxb4 50. Kb6 h6 51. Kc6 Ka4 52. Kc5 Kb3
53. Kb5 c3 54. bxc3 Kxc3 55. Kc5 Kd3 56. Kd5 Ke3 57. Ke6 Kxf3 58. Kxf6 Kg3 59.
Kg6 Kxh3 60. Kh5 Kg3 0-1

[Event "Forcing Moves Winter-1 U2000"]
[Site "Mississauga CAN"]
[Date "2023.01.29"]
[Round "5.10"]
[White "Sreekumar Maliekal, Balakrishnan"]
[Black "Shah, Omar"]
[Result "0-1"]
[WhiteElo "1415"]
[BlackElo "1823"]
[PlyCount "48"]
[EventDate "2023.01.28"]
[EventType "swiss"]
[EventRounds "5"]
[EventCountry "CAN"]

1. d4 Nf6 2. c4 g6 3. Nc3 d5 4. cxd5 Nxd5 5. e3 Nxc3 6. bxc3 Bg7 7. Qb3 O-O 8.
Nf3 c5 9. Ba3 cxd4 10. cxd4 Nc6 11. Rd1 Qa5+ 12. Rd2 Be6 13. d5 Bxd5 14. Qxd5
Qxa3 15. Nd4 Qc1+ 16. Ke2 Rad8 17. Qe4 Rd6 18. g4 Nxd4+ 19. exd4 Re6 20. Bg2
Qc4+ 21. Kd1 Rxe4 22. Bxe4 Bxd4 23. Re1 Bc3 24. Bd3 Qb4 0-1

[Event "Forcing Moves Winter-1 U2000"]
[Site "Mississauga CAN"]
[Date "2023.01.29"]
[Round "5.11"]
[White "Chen, Sam"]
[Black "Sreekumar, Gauri"]
[Result "0-1"]
[WhiteElo "1408"]
[BlackElo "1606"]
[PlyCount "102"]
[EventDate "2023.01.28"]
[EventType "swiss"]
[EventRounds "5"]
[EventCountry "CAN"]

1. e4 c5 2. Nf3 d6 3. d4 cxd4 4. Nxd4 Nf6 5. Nc3 g6 6. Be3 Bg7 7. Be2 O-O 8.
Qd2 Nc6 9. O-O-O Nxd4 10. Bxd4 Be6 11. Be3 Qa5 12. Bh6 Nxe4 13. Nxe4 Qxa2 14.
Qe3 Qxb2+ 15. Kd2 Rfc8 16. Bxg7 Rxc2+ 17. Ke1 Kxg7 18. h4 h5 19. Ng5 Bc4 20.
Bxc4 Qb4+ 21. Kf1 Qxc4+ 22. Kg1 Re2 23. Qd4+ Qxd4 24. Rxd4 Rc8 25. g3 Rc1+ 26.
Kg2 Rxh1 27. Kxh1 Rxf2 28. Rd1 a5 29. Rb1 a4 30. Rxb7 a3 31. Ra7 a2 32. Kg1 Rb2
33. Kf1 Rb1+ 34. Ke2 a1=Q 35. Rxa1 Rxa1 36. Ke3 f6 37. Ne4 Re1+ 38. Kf4 Rxe4+
39. Kxe4 g5 40. hxg5 fxg5 41. Kf5 h4 42. gxh4 gxh4 43. Kg4 Kf6 44. Kxh4 Kf5 45.
Kg3 Ke4 46. Kf2 Kd3 47. Ke1 e5 48. Kd1 e4 49. Ke1 e3 50. Kd1 e2+ 51. Ke1 d5 0-1

[Event "Forcing Moves Winter-2 Extra"]
[Site "Mississauga CAN"]
[Date "2023.02.25"]
[Round "1.8"]
[White "Suresh, Pavan"]
[Black "Kho, Jingle"]
[Result "0-1"]
[WhiteElo "1515"]
[BlackElo "2024"]
[PlyCount "60"]
[EventDate "2023.02.25"]
[EventType "swiss"]
[EventRounds "5"]
[EventCountry "CAN"]

1. d4 d5 2. c4 Nc6 3. Nc3 Nf6 4. Bf4 Bf5 5. e3 e6 6. a3 Bd6 7. Bxd6 Qxd6 8. Bd3
O-O-O 9. Bxf5 exf5 10. c5 Qe6 11. Nge2 g5 12. Qd2 Rhe8 13. O-O h5 14. b4 h4 15.
h3 f4 16. exf4 g4 17. Qd3 Ne4 18. hxg4 Nxc3 19. Nxc3 Qxg4 20. g3 Rg8 21. Ne2
Rde8 22. Rae1 Re6 23. f5 Rh6 24. f3 Qh3 25. g4 Rxg4+ 26. Kf2 Rh8 27. Rh1 Qg2+
28. Ke3 Re8+ 29. Kd2 Rxd4 30. Qxd4 Nxd4 0-1

[Event "Forcing Moves Winter-2 Extra"]
[Site "Mississauga CAN"]
[Date "2023.02.25"]
[Round "2.8"]
[White "Surya, Dania"]
[Black "Kho, Jingle"]
[Result "0-1"]
[WhiteElo "1568"]
[BlackElo "2024"]
[PlyCount "104"]
[EventDate "2023.02.25"]
[EventType "swiss"]
[EventRounds "5"]
[EventCountry "CAN"]

1. e4 Nf6 2. e5 Nd5 3. d4 d6 4. Nf3 Bg4 5. Bc4 e6 6. h3 Bh5 7. O-O Be7 8. Nbd2
Nd7 9. Re1 dxe5 10. dxe5 N7b6 11. Bb3 Qd7 12. Ne4 Rd8 13. a3 Qc6 14. Qe2 Nd7
15. Ng3 Bg6 16. Bxd5 Qxd5 17. c4 Qa5 18. Bd2 Qa4 19. Nd4 Nc5 20. Bc3 O-O 21. b4
Nb3 22. Nxb3 Qxb3 23. Bd2 Rd3 24. c5 Rfd8 25. Be3 h6 26. Nf1 c6 27. Nd2 Qd5 28.
Nf3 Bh5 29. g4 Bg6 30. Nd4 Qxe5 31. Qb2 Bf6 32. Rad1 Rxd1 33. Rxd1 Qe4 34. Rd2
a6 35. Qa1 Rd5 36. Qd1 h5 37. Qf3 Rxd4 38. Qxe4 Rxe4 39. gxh5 Bxh5 40. Rd7 Bf3
41. Kf1 Bb2 42. Rd3 Rh4 43. Ke1 Rxh3 44. Kd2 Rh1 45. Rb3 Bf6 46. Bf4 Bd5 47.
Rd3 Kh7 48. Ke3 Kg6 49. Kd2 Kf5 50. Be3 g5 51. Bd4 e5 52. Bb2 g4 0-1

[Event "Forcing Moves Winter-2 Extra"]
[Site "Mississauga CAN"]
[Date "2023.02.26"]
[Round "4"]
[White "Kho, Jingle"]
[Black "Zhong, April Yunwei"]
[Result "1-0"]
[WhiteElo "2024"]
[BlackElo "1743"]
[PlyCount "95"]
[EventDate "2023.02.25"]
[EventType "swiss"]
[EventRounds "5"]
[EventCountry "CAN"]

1. d4 d5 2. Nc3 Nf6 3. Bg5 e6 4. Qd2 Bb4 5. f3 Nc6 6. e3 b6 7. g4 Bb7 8. Nge2
Ne4 9. Bxd8 Nxd2 10. Kxd2 Rxd8 11. h4 e5 12. a3 Be7 13. Re1 O-O 14. g5 f5 15.
f4 e4 16. b4 a6 17. Nc1 Nb8 18. N1a2 c5 19. bxc5 bxc5 20. Rb1 Bc6 21. Rb6 Bd6
22. Ne2 Bb5 23. Nac3 Bc6 24. Bh3 Bc7 25. dxc5 Bxb6 26. cxb6 Rd6 27. Nd4 g6 28.
Rb1 Rc8 29. Nce2 Nd7 30. Bxf5 gxf5 31. Nxf5 Re6 32. Ned4 Rce8 33. Nxe6 Rxe6 34.
Nd4 Rd6 35. b7 Nb8 36. Rb6 Kf7 37. h5 Ke8 38. f5 h6 39. g6 Ke7 40. Ke1 Kf6 41.
Kf2 Kg7 42. Kg2 Rf6 43. Kg3 Bd7 44. Ne6+ Bxe6 45. fxe6 Rf5 46. Rd6 Rxh5 47. Rd8
Nc6 48. Rc8 1-0

[Event "Forcing Moves Winter-2 U1600"]
[Site "Mississauga CAN"]
[Date "2023.02.25"]
[Round "1.7"]
[White "Hong, Zihan"]
[Black "Ambilwade, Ojal"]
[Result "1/2-1/2"]
[WhiteElo "1014"]
[BlackElo "1588"]
[PlyCount "56"]
[EventDate "2023.02.25"]
[EventType "swiss"]
[EventRounds "5"]
[EventCountry "CAN"]

1. d4 Nf6 2. c4 e6 3. Nc3 Bb4 4. Bg5 d5 5. e3 O-O 6. Nf3 c6 7. Qc2 Nbd7 8. Bd3
h6 9. Bh4 dxc4 10. Bxc4 b5 11. Bd3 Qa5 12. O-O Bb7 13. a3 Bxc3 14. Qxc3 Qb6 15.
Bxf6 Nxf6 16. Rac1 Rfd8 17. Ne5 Rac8 18. Qc5 Rd5 19. Qxb6 axb6 20. f4 Nd7 21.
Be4 Rd6 22. a4 Nf6 23. Bf3 Nd5 24. Rfe1 Ba6 25. axb5 Bxb5 26. Nc4 Bxc4 27. Rxc4
b5 28. Rc5 Nb4 1/2-1/2

[Event "Forcing Moves Winter-2 U1600"]
[Site "Mississauga CAN"]
[Date "2023.02.25"]
[Round "1.8"]
[White "Garg, Shlok"]
[Black "Lewis, Matt"]
[Result "1-0"]
[WhiteElo "1340"]
[BlackElo "1000"]
[PlyCount "83"]
[EventDate "2023.02.25"]
[EventType "swiss"]
[EventRounds "5"]
[EventCountry "CAN"]

1. d4 d5 2. e3 e6 3. Bd3 c5 4. c3 Nf6 5. Nd2 Be7 6. f4 O-O 7. Ngf3 Nc6 8. O-O
c4 9. Bc2 Nd7 10. Ne5 Ncxe5 11. fxe5 f5 12. exf6 Nxf6 13. e4 e5 14. dxe5 Ng4
15. Nf3 dxe4 16. Qxd8 Bxd8 17. Bxe4 Rb8 18. h3 Bb6+ 19. Nd4 Nxe5 20. Bxh7+ Kxh7
21. Rxf8 Ng6 22. Re8 Nh4 23. Bf4 Ra8 24. Kh2 Bc5 25. Ne6 b6 26. Nxc5 bxc5 27.
Rae1 Bb7 28. Rxa8 Bxa8 29. Re2 Bd5 30. Re5 Nxg2 31. Rxd5 Nxf4 32. Rxc5 Nd3 33.
Rxc4 Nxb2 34. Rb4 Nd3 35. Ra4 a6 36. Rxa6 Nc5 37. Rc6 Nd3 38. a4 Ne5 39. Rc8
Nd7 40. a5 Kg6 41. a6 Nb6 42. Rc6+ 1-0

[Event "Forcing Moves Winter-2 U1600"]
[Site "Mississauga CAN"]
[Date "2023.02.25"]
[Round "1.9"]
[White "Routray, Anshuman"]
[Black "Sreekumar Maliekal, Balakrishnan"]
[Result "0-1"]
[WhiteElo "997"]
[BlackElo "1329"]
[PlyCount "82"]
[EventDate "2023.02.25"]
[EventType "swiss"]
[EventRounds "5"]
[EventCountry "CAN"]

1. d4 Nf6 2. Bf4 g6 3. Nf3 Bg7 4. Qd2 O-O 5. Bh6 c6 6. Bxg7 Kxg7 7. Nc3 d5 8.
e3 Nbd7 9. Bd3 Qc7 10. h4 h5 11. O-O-O e5 12. dxe5 Nxe5 13. Nxe5 Qxe5 14. Rde1
Bf5 15. Bxf5 Qxf5 16. f3 Rae8 17. Qd4 b6 18. Qa4 Qd7 19. e4 d4 20. Rd1 Rd8 21.
e5 Ne8 22. Ne2 c5 23. Qxd7 Rxd7 24. c3 d3 25. c4 Nc7 26. Nf4 Rfd8 27. Rd2 Rd4
28. g3 Rxc4+ 29. Kb1 Rcd4 30. Rhd1 c4 31. Rc1 Nd5 32. Ne2 Ne3 33. Nxd4 Rxd4 34.
Re1 Nf5 35. Rg1 b5 36. Kc1 b4 37. Rh2 c3 38. bxc3 bxc3 39. Rhh1 Ne3 40. Kb1
Rb4+ 41. Ka1 Nc2# 0-1

[Event "Forcing Moves Winter-2 U1600"]
[Site "Mississauga CAN"]
[Date "2023.02.25"]
[Round "1.10"]
[White "Li, Allen"]
[Black "Sreekumar, Gayathri"]
[Result "1-0"]
[WhiteElo "1190"]
[BlackElo "974"]
[PlyCount "121"]
[EventDate "2023.02.25"]
[EventType "swiss"]
[EventRounds "5"]
[EventCountry "CAN"]

1. e4 c5 2. Nf3 d6 3. Bb5+ Bd7 4. Bxd7+ Qxd7 5. O-O Nc6 6. d3 e6 7. Re1 Nf6 8.
Nc3 Be7 9. Bf4 O-O 10. e5 dxe5 11. Nxe5 Nxe5 12. Bxe5 Rfd8 13. Ne4 Nxe4 14.
Rxe4 Qc6 15. Qf3 Rac8 16. Rf4 Qxf3 17. Rxf3 Rd5 18. Bc3 Rcd8 19. Re3 b5 20. b3
b4 21. Bb2 R8d6 22. a3 a5 23. axb4 cxb4 24. Re5 Rxe5 25. Bxe5 Rd5 26. f4 Bc5+
27. Kf1 f6 28. Bc7 Rd7 29. Bxa5 Ra7 30. Ra4 Kf7 31. c3 bxc3 32. Bxc3 Rb7 33. b4
Bd6 34. g3 Rc7 35. Ra3 Kg6 36. Ke2 Kf5 37. Kf3 h5 38. h3 g5 39. fxg5 fxg5 40.
g4+ Kg6 41. Ra6 hxg4+ 42. hxg4 Rxc3 43. Rxd6 Kf6 44. Ke4 Rc2 45. Rd4 Rc1 46.
Rc4 Rb1 47. Kd4 Rg1 48. Kc5 Ke7 49. b5 Kd7 50. Rd4+ Kc7 51. b6+ Kb7 52. Rd7+
Kb8 53. Kc6 Rc1+ 54. Kd6 e5 55. Kxe5 Re1+ 56. Kf5 Kc8 57. b7+ Kb8 58. Kxg5 Re5+
59. Kf6 Rb5 60. g5 Rb6+ 61. Kf7 1-0

[Event "Forcing Moves Winter-2 U1600"]
[Site "Mississauga CAN"]
[Date "2023.02.25"]
[Round "1.11"]
[White "Deshpande, Rucha"]
[Black "Tuladhar, Jude"]
[Result "0-1"]
[WhiteElo "961"]
[BlackElo "1189"]
[PlyCount "88"]
[EventDate "2023.02.25"]
[EventType "swiss"]
[EventRounds "5"]
[EventCountry "CAN"]

1. d4 Nf6 2. c4 g6 3. Nc3 d5 4. Bf4 c5 5. dxc5 d4 6. Nb5 Na6 7. Qxd4 Bd7 8. Nf3
Bg7 9. Qe3 Bxb5 10. cxb5 Qa5+ 11. Qd2 Nb4 12. a3 Nc2+ 13. Kd1 Qxd2+ 14. Nxd2
Nxa1 15. Kc1 Rd8 16. Kb1 e5 17. Be3 Ng4 18. Nc4 Nxe3 19. Nxe3 Nb3 20. g3 Nd2+
21. Kc2 Nxf1 22. Rxf1 Ke7 23. Rc1 Bh6 24. c6 bxc6 25. bxc6 Bxe3 26. fxe3 Rd6
27. Kb1 Rc8 28. c7 Rd7 29. Ka2 Rdxc7 30. Rxc7+ Rxc7 31. Kb3 Ke6 32. Kb4 Rb7+
33. Kc3 Kd5 34. Kc2 Ke4 35. Kc3 Kxe3 36. b4 Kxe2 37. Kc4 e4 38. Kc5 e3 39. b5
Kd3 40. Kc6 Rb6+ 41. Kd5 e2 42. Kc5 e1=Q 43. a4 Qe5+ 44. Kb4 Qc3# 0-1

[Event "Forcing Moves Winter-2 U1600"]
[Site "Mississauga CAN"]
[Date "2023.02.25"]
[Round "1.12"]
[White "Pedersen, Noah"]
[Black "Barbisan, Owen"]
[Result "1-0"]
[WhiteElo "1178"]
[BlackElo "921"]
[PlyCount "55"]
[EventDate "2023.02.25"]
[EventType "swiss"]
[EventRounds "5"]
[EventCountry "CAN"]

1. e4 c6 2. d4 d5 3. Nc3 dxe4 4. Nxe4 Nf6 5. Nxf6+ exf6 6. Bc4 Qe7+ 7. Qe2
Qxe2+ 8. Nxe2 Bd6 9. Bf4 Bxf4 10. Nxf4 O-O 11. O-O-O Rd8 12. Rhe1 Bf5 13. Re7
h6 14. Rxf7 Kh8 15. Rxb7 Rd7 16. Rb3 Rd6 17. Re3 Nd7 18. Be6 Bxe6 19. Rxe6 Rxe6
20. Nxe6 Re8 21. d5 cxd5 22. Rxd5 Nb6 23. Rd8 Rxd8 24. Nxd8 Nd5 25. Kd2 Kh7 26.
c4 Nc7 27. Nc6 a6 28. Ne7 1-0